| Tag |
First Indicator |
Second Indicator |
Subfields |
| LEADER |
00000cam a2200000 i 4500 |
| 001 |
in00003711421 |
| 005 |
20170926152646.0 |
| 008 |
160906t20172017enka b 001 0 eng |
| 010 |
|
|
|a 2016026061
|
| 020 |
|
|
|a 9781472480033
|q alkaline paper
|
| 020 |
|
|
|a 1472480031
|q alkaline paper
|
| 020 |
|
|
|z 9781315551036
|q electronic book
|
| 035 |
|
|
|a (OCoLC)ocn951949967
|
| 040 |
|
|
|a DLC
|e rda
|c DLC
|d UtOrBLW
|
| 049 |
|
|
|a TXAM
|
| 050 |
0 |
0 |
|a PR4754
|b .T4975 2017
|
| 082 |
0 |
0 |
|a 823/.8
|2 23
|
| 245 |
0 |
0 |
|a Thomas Hardy's short stories :
|b new perspectives /
|c edited by Juliette Berning Schaefer and Siobhan Craft Brownson.
|
| 264 |
|
1 |
|a London ;
|a New York :
|b Routledge,
|c [2017]
|
| 264 |
|
4 |
|c ©2017
|
| 300 |
|
|
|a xii, 200 pages :
|b illustrations ;
|c 24 cm.
|
| 336 |
|
|
|a text
|b txt
|2 rdacontent
|
| 337 |
|
|
|a unmediated
|b n
|2 rdamedia
|
| 338 |
|
|
|a volume
|b nc
|2 rdacarrier
|
| 490 |
1 |
|
|a The nineteenth century
|
| 504 |
|
|
|a Includes bibliographical references and index.
|
| 505 |
0 |
|
|a Periodical publication -- Neither tales nor short stories: issues of authorship, readership, and publishing in a group of noble dames / Graham Law -- "Moonlight nights": Hardy, Christmas, and the Illustrated London News / Siobhan Craft Brownson -- Part 2. Gender relationships -- "Getting life-leased at all cost": marriage in Hardy's late short stories / Suzanne Flynn -- Pregnant by a portrait: the dynamics of desire for Hardy's "Imaginative woman" / Deborah Manion -- "Imaginative sentiment": love, letters, and literacy in Thomas Hardy's shorter fiction / Karin Koehler -- Part 3. Community relationships -- Hardy and humor: the Mores of Wessex / Juliette Berning Schaefer -- Love, deception, and disguise in a few crusted characters / JoAnna Stephens Mink -- Part 4. Narrative technique "To correct the misrelation": reading Hardy's Wessex tales / Neelanjana Basu -- Representations of the body in Hardy's life's Little ironies / Carolina Paganine -- Hardy's mercurial narrator: "breaking the frame" in "A changed man" / Keith Callis.
|
| 600 |
1 |
0 |
|a Hardy, Thomas,
|d 1840-1928
|x Criticism and interpretation.
|
| 650 |
|
0 |
|a Short stories, English
|x History and criticism.
|0 http://id.loc.gov/authorities/subjects/sh2008111637
|
| 700 |
1 |
|
|a Schaefer, Juliette Berning,
|e editor.
|0 http://id.loc.gov/authorities/names/n2016048493
|
| 700 |
1 |
|
|a Brownson, Siobhan Craft,
|e editor.
|0 http://id.loc.gov/authorities/names/n2016048494
|
| 830 |
|
0 |
|a Nineteenth century (Aldershot, England)
|0 http://id.loc.gov/authorities/names/n94104876
|
| 945 |
|
|
|b 962982
|
| 947 |
|
|
|a A14850022618
|
| 948 |
|
|
|a cataloged
|b h
|c 2017/2/21
|d c
|e dmitchel
|f 3:50:30 pm
|
| 994 |
|
|
|a 92
|b TXA
|
| 999 |
f |
f |
|s 328ad104-9e0e-3cc2-9a56-6dc7f3064c25
|i 183ab1f5-92ee-3782-8e37-7b07d21c41d8
|t 0
|
| 952 |
f |
f |
|p normal
|a Texas A&M University
|b College Station
|c Sterling C. Evans Library
|d Evans: Library Stacks
|t 0
|e PR4754 .T4975 2017
|h Library of Congress classification
|i unmediated -- volume
|m A14850022618
|
| 998 |
f |
f |
|a PR4754 .T4975 2017
|t 0
|l Evans: Library Stacks
|